00543nam a2200157 a 450000100100000000500170001000800410002704000250006808200150009310000320010824500840014026000360022430000210026050000630028150400410034400001653320200929164927.0100308s1987 dr 001 0 spa d aDO-SdBNPbspacBNPHU axxxbW721p1 aWilliams Zorrilla, Héctor10aPsicología femenina y masculina del matrimonio /cHéctor Williams Zorrilla. aSanto Domingo :bTaller,c1987. a232 p. :b23 cm. aIncluye datos biográficos del autor en la contracubierta aIncluye bibliografías [p. 227-228]